[Event "Mecklenburg VP VL 1516"]
[Site "Mecklenburg VP"]
[Date "2016.01.17"]
[Round "5.2"]
[White "Ehlers, Michael2222"]
[Black "Engel, Gunnar"]
[Result "0-1"]
[WhiteElo "1945"]
[BlackElo "2027"]
[PlyCount "82"]
[EventDate "2015.09.20"]
[EventType "team-tourn"]
[EventRounds "9"]
[EventCountry "GER"]
[SourceTitle "EXT 2022"]
[Source "ChessBase"]
[SourceDate "2021.10.06"]
[SourceVersion "1"]
[SourceVersionDate "2021.10.06"]
[SourceQuality "1"]
[WhiteTeam "Torgelow Droegeheide"]
[BlackTeam "Rostock SSC 07 II"]
[WhiteTeamCountry "GER"]
[BlackTeamCountry "GER"]

1. e4 c5 2. Nf3 d6 3. d4 cxd4 4. Nxd4 Nf6 5. Nc3 a6 6. Be3 e5 7. Nb3 Be6 8. Be2 Be7 9. 0-0 0-0 10. f4 exf4 11. Rxf4 Nc6 12. Nd4 Ne5 13. Nf5 Rc8 14. Bd4 Nfd7 15. Bd3 Bg5 16. Rf1 Rc6 17. Qe1 g6 18. Ne3 Bf6 19. Ned5 Nf3+ 20. Rxf3 Bxd4+ 21. Kh1 Be5 22. h3 Rc8 23. Qf2 h5 24. Rf1 b5 25. Qa7 Bg4 26. Qxa6 Bxf3 27. Rxf3 Nc5 28. Qa7 Ra8 29. Qe7 Qxe7 30. Nxe7+ Kg7 31. Nxb5 Rxa2 32. Kg1 Rxb2 33. Nc7 h4 34. Nc6 Rc8 35. Nxe5 dxe5 36. Nd5 Nxd3 37. cxd3 Rc1+ 38. Rf1 Rxf1+ 39. Kxf1 Rd2 40. Nb4 Kf6 41. Nd5+ Kg5 0-1

[Event "Mecklenburg VP VL 1112"]
[Site "Mecklenburg VP"]
[Date "2012.01.15"]
[Round "5.5"]
[White "Engel, Gunnar"]
[Black "Pruesse, Horst"]
[Result "1-0"]
[WhiteElo "2000"]
[BlackElo "2007"]
[PlyCount "85"]
[EventDate "2011.10.02"]
[EventType "team-tourn"]
[EventRounds "9"]
[EventCountry "GER"]
[SourceTitle "EXT 2022"]
[Source "ChessBase"]
[SourceDate "2021.10.06"]
[SourceVersion "1"]
[SourceVersionDate "2021.10.06"]
[SourceQuality "1"]
[WhiteTeam "Rostock SSC 07 II"]
[BlackTeam "Neubrandenburg SG Eintracht"]
[WhiteTeamCountry "GER"]
[BlackTeamCountry "GER"]

1. c4 e5 2. Nc3 Nf6 3. e3 Bb4 4. Qc2 0-0 5. a3 Bxc3 6. Qxc3 Re8 7. d3 d5 8. cxd5 Nxd5 9. Qc2 a5 10. b3 f5 11. Bb2 Ra6 12. Nf3 Rc6 13. Qd2 Nd7 14. Rb1 Rf6 15. Qxa5 Ne7 16. d4 e4 17. Nh4 Rh6 18. g3 Nb6 19. Ng2 Ned5 20. h4 Rh5 21. Be2 Rh6 22. Kd2 c6 23. Qc5 Be6 24. a4 Nd7 25. Qa7 Re7 26. Ba3 c5 27. Bxc5 Nxc5 28. Qxc5 Rc7 29. Qa3 Nc3 30. Rbc1 Nxe2 31. Kxe2 Bf7 32. Rxc7 Qxc7 33. Rc1 Bh5+ 34. Kd2 Rc6 35. Rxc6 Qxc6 36. Qc5 Qe8 37. Qxf5 Bg6 38. Qd5+ Bf7 39. Qxb7 h6 40. Nf4 g5 41. hxg5 hxg5 42. Nd5 Qe6 43. Qc8+ 1-0

[Event "Mecklenburg VP VL 1112"]
[Site "Mecklenburg VP"]
[Date "2011.11.20"]
[Round "3.6"]
[White "Wulff, Jens Peter"]
[Black "Engel, Gunnar"]
[Result "1-0"]
[WhiteElo "1692"]
[BlackElo "2000"]
[PlyCount "65"]
[EventDate "2011.10.02"]
[EventType "team-tourn"]
[EventRounds "9"]
[EventCountry "GER"]
[SourceTitle "EXT 2022"]
[Source "ChessBase"]
[SourceDate "2021.10.06"]
[SourceVersion "1"]
[SourceVersionDate "2021.10.06"]
[SourceQuality "1"]
[WhiteTeam "Grevesmuehlen Blau Weiss"]
[BlackTeam "Rostock SSC 07 II"]
[WhiteTeamCountry "GER"]
[BlackTeamCountry "GER"]

1. d4 f5 2. Nf3 Nf6 3. Bf4 g6 4. e3 Bg7 5. c3 b6 6. Nbd2 Bb7 7. h4 h6 8. Ne5 0-0 9. Nxg6 Rf7 10. h5 e6 11. Rh3 d6 12. Rg3 Kh7 13. Be2 Nc6 14. Qc2 Qe8 15. Nh4 Ne7 16. Rg6 Qd7 17. g4 Ne4 18. Bd3 Nxd2 19. Kxd2 Raf8 20. Rg1 c5 21. gxf5 Nxf5 22. Nxf5 exf5 23. Rxd6 Qe7 24. Rgg6 cxd4 25. cxd4 Rc8 26. Rxh6+ Kg8 27. Qb3 Qh4 28. Rd7 Qxf2+ 29. Be2 Rc2+ 30. Qxc2 Ba6 31. Rd8+ Bf8 32. Qd1 Kg7 33. a3 1-0

[Event "Mecklenburg VP VL 1011"]
[Site "Mecklenburg VP"]
[Date "2011.01.23"]
[Round "?"]
[White "Engel, Gunnar"]
[Black "Matzek, Franz David"]
[Result "1-0"]
[WhiteElo "2007"]
[BlackElo "1695"]
[PlyCount "45"]
[EventDate "2010.10.10"]
[EventType "team-tourn"]
[EventRounds "9"]
[EventCountry "GER"]
[SourceTitle "EXT 2022"]
[Source "ChessBase"]
[SourceDate "2021.10.06"]
[SourceVersion "1"]
[SourceVersionDate "2021.10.06"]
[SourceQuality "1"]
[WhiteTeam "Rostock SSC 07 II"]
[BlackTeam "Gryps SV"]
[WhiteTeamCountry "GER"]
[BlackTeamCountry "GER"]

1. Nf3 Nf6 2. c4 e6 3. Nc3 b6 4. g3 Bb7 5. Bg2 d5 6. d4 Be7 7. 0-0 0-0 8. Qc2 dxc4 9. Rd1 c6 10. Ne5 Qc7 11. Nxc4 Rd8 12. Bf4 Qc8 13. Ne4 Nxe4 14. Bxe4 g6 15. Ne5 c5 16. dxc5 Rxd1+ 17. Rxd1 bxc5 18. Bxb7 Qxb7 19. Qa4 Qc8 20. Qe4 Na6 21. Rd7 f5 22. Qc4 Nc7 23. Rxc7 1-0

[Event "Mecklenburg VP VL 1011"]
[Site "Mecklenburg VP"]
[Date "2011.01.16"]
[Round "5.5"]
[White "Engel, Gunnar"]
[Black "Gwiazda, Slawomir"]
[Result "1-0"]
[WhiteElo "2007"]
[BlackElo "1896"]
[PlyCount "65"]
[EventDate "2010.10.10"]
[EventType "team-tourn"]
[EventRounds "9"]
[EventCountry "GER"]
[SourceTitle "EXT 2022"]
[Source "ChessBase"]
[SourceDate "2021.10.06"]
[SourceVersion "1"]
[SourceVersionDate "2021.10.06"]
[SourceQuality "1"]
[WhiteTeam "Rostock SSC 07 II"]
[BlackTeam "Greifswald II"]
[WhiteTeamCountry "GER"]
[BlackTeamCountry "GER"]

1. e4 e6 2. d4 d5 3. Nd2 Nf6 4. e5 Nfd7 5. Bd3 c5 6. c3 Nc6 7. Ne2 cxd4 8. cxd4 f6 9. exf6 Nxf6 10. 0-0 Bd6 11. Nf3 0-0 12. Nc3 a6 13. Bg5 Qc7 14. Bh4 Nh5 15. Bg3 Nxg3 16. hxg3 g6 17. Rc1 Qg7 18. Bb1 g5 19. Re1 g4 20. Ne5 Nxe5 21. dxe5 Bxe5 22. Nxd5 Bxb2 23. Rc7 Qd4 24. Ne7+ Kh8 25. Qc2 Rf7 26. Rxc8+ Rxc8 27. Qxc8+ Kg7 28. Rxe6 Qxf2+ 29. Kh2 Rf8 30. Nf5+ Kg8 31. Nh6+ Kh8 32. Qd7 Bg7 33. Qd3 1-0

[Event "Mecklenburg VP VL 1011"]
[Site "Mecklenburg VP"]
[Date "2010.12.12"]
[Round "4.3"]
[White "Westphal, Wolfgang"]
[Black "Engel, Gunnar"]
[Result "1-0"]
[WhiteElo "2166"]
[BlackElo "2007"]
[PlyCount "77"]
[EventDate "2010.10.10"]
[EventType "team-tourn"]
[EventRounds "9"]
[EventCountry "GER"]
[SourceTitle "EXT 2022"]
[Source "ChessBase"]
[SourceDate "2021.10.06"]
[SourceVersion "1"]
[SourceVersionDate "2021.10.06"]
[SourceQuality "1"]
[WhiteTeam "Neukloster II"]
[BlackTeam "Rostock SSC 07 II"]
[WhiteTeamCountry "GER"]
[BlackTeamCountry "GER"]

1. e4 c5 2. Nf3 d6 3. Nc3 a6 4. a4 Nc6 5. Bc4 g6 6. 0-0 Bg7 7. h3 Nf6 8. d3 0-0 9. Be3 e6 10. Ba2 Qa5 11. Nd2 Nd7 12. Nc4 Qc7 13. Bf4 Nde5 14. Qd2 Nd4 15. Nxe5 dxe5 16. Be3 Bd7 17. a5 Rac8 18. Bc4 Kh8 19. Ne2 Bb5 20. b3 Rcd8 21. Nxd4 exd4 22. Bh6 Rg8 23. Bxg7+ Rxg7 24. f4 f5 25. Qe1 Bxc4 26. bxc4 Rdg8 27. h4 h6 28. Rf3 Qc6 29. Rb1 fxe4 30. Qxe4 Qxe4 31. dxe4 Re7 32. Rb6 Rf8 33. Kh2 Kg7 34. Kg3 Rf6 35. Rfb3 Ref7 36. h5 Rxf4 37. hxg6 R7f6 38. e5 Rf8 39. Rxe6 1-0

[Event "Mecklenburg VP LL 0910"]
[Site "Mecklenburg VP"]
[Date "2009.11.29"]
[Round "3.3"]
[White "Kross, Gunnar"]
[Black "Engel, Gunnar"]
[Result "1-0"]
[WhiteElo "2028"]
[BlackElo "1998"]
[PlyCount "131"]
[EventDate "2009.10.18"]
[EventType "team-tourn"]
[EventRounds "9"]
[EventCountry "GER"]
[SourceTitle "EXT 2016"]
[Source "ChessBase"]
[SourceDate "2015.10.08"]
[SourceVersion "1"]
[SourceVersionDate "2015.10.08"]
[SourceQuality "1"]
[WhiteTeam "Grevesmuehlen Blau Weiss"]
[BlackTeam "Rostock SSC 07 II"]
[WhiteTeamCountry "GER"]
[BlackTeamCountry "GER"]

1. Nf3 Nf6 2. d4 g6 3. c4 Bg7 4. Nc3 0-0 5. Bf4 d6 6. e3 c6 7. Be2 a6 8. 0-0 b5 9. cxb5 axb5 10. a3 Bd7 11. Rc1 Qb6 12. Ne1 Na6 13. Bf3 Rfe8 14. e4 e5 15. Be3 Qb7 16. Nd3 exd4 17. Bxd4 Nc7 18. Re1 Ne6 19. Be3 Red8 20. Qe2 Ne8 21. e5 dxe5 22. Nc5 Nxc5 23. Bxc5 f5 24. Qc2 e4 25. Qb3+ Kh8 26. Be2 Nc7 27. Red1 Be6 28. Qc2 Nd5 29. Nxd5 Bxd5 30. Bd4 Kg8 31. Qc5 Qf7 32. Bxg7 Kxg7 33. Rd2 Rd7 34. h3 Rad8 35. Rcd1 Qe6 36. Qb6 Qf7 37. Qc5 Qe6 38. Qb6 Kf7 39. Qe3 Qf6 40. Qc5 Qe6 41. Rc1 h5 42. g3 f4 43. Kh2 Qf5 44. Bf1 Qg5 45. Rcd1 Kg8 46. h4 Qe5 47. Bh3 Rf7 48. Qb6 fxg3+ 49. fxg3 Rd6 50. Bg2 Rdf6 51. Re1 Kh7 52. Qe3 Rf5 53. Rde2 Re7 54. Kg1 Bc4 55. Rd2 Bd3 56. Kh2 c5 57. Bh3 Rf3 58. Qxf3 exf3 59. Rxe5 Rxe5 60. Rxd3 Re2+ 61. Kg1 f2+ 62. Kf1 Rxb2 63. Rf3 Ra2 64. Be6 Rc2 65. Kg2 Re2 66. Bd7 1-0

[Event "Mecklenburg VP LL 0809"]
[Site "Mecklenburg VP"]
[Date "2009.03.29"]
[Round "9.2"]
[White "Engel, Gunnar"]
[Black "Van Bentum, Horst"]
[Result "1/2-1/2"]
[WhiteElo "2013"]
[BlackElo "2013"]
[PlyCount "21"]
[EventDate "2008.10.05"]
[EventType "team-tourn"]
[EventRounds "9"]
[EventCountry "GER"]
[SourceTitle "EXT 2022"]
[Source "ChessBase"]
[SourceDate "2021.10.06"]
[SourceVersion "1"]
[SourceVersionDate "2021.10.06"]
[SourceQuality "1"]
[WhiteTeam "Rostock SSC 07 II"]
[BlackTeam "Rostock HSG Uni"]
[WhiteTeamCountry "GER"]
[BlackTeamCountry "GER"]

1. d4 Nf6 2. c4 e6 3. g3 d5 4. Bg2 Bb4+ 5. Bd2 Bxd2+ 6. Nxd2 0-0 7. Ngf3 c6 8. 0-0 Nbd7 9. Rc1 Re8 10. Qb3 Qb6 11. Qxb6 1/2-1/2

[Event "Mecklenburg VP LL 0607"]
[Site "Mecklenburg VP"]
[Date "2007.03.18"]
[Round "7.1"]
[White "Schinke, Andreas"]
[Black "Engel, Gunnar"]
[Result "0-1"]
[WhiteElo "2037"]
[BlackElo "2072"]
[PlyCount "64"]
[EventDate "2006.10.15"]
[EventType "team"]
[EventRounds "9"]
[EventCountry "GER"]
[SourceTitle "EXT 2008"]
[Source "ChessBase"]
[SourceDate "2007.11.25"]
[SourceVersion "1"]
[SourceVersionDate "2007.11.25"]
[SourceQuality "1"]
[WhiteTeam "Rostock Uni"]
[BlackTeam "Rostock PSV II"]
[WhiteTeamCountry "GER"]
[BlackTeamCountry "GER"]

1. e4 c5 2. c3 d6 3. d4 Nf6 4. Bd3 g6 5. Nf3 Bg7 6. 0-0 0-0 7. h3 Nc6 8. dxc5 dxc5 9. Be3 b6 10. Qe2 e6 11. Na3 Bb7 12. Rad1 e5 13. Nc4 Qe7 14. Bg5 h6 15. Bxf6 Qxf6 16. Ne3 Ne7 17. Ng4 Qe6 18. Bc4 Qc6 19. Bd5 Nxd5 20. exd5 Qd6 21. Qe3 e4 22. Qxe4 f5 23. Nxh6+ Bxh6 24. Qh4 Kg7 25. Rfe1 Rae8 26. Qa4 Rxe1+ 27. Rxe1 Bxd5 28. Ne5 a5 29. f4 Rd8 30. Rd1 c4 31. Nxc4 Qc5+ 32. Rd4 Bxc4 0-1

[Event "Mecklenburg VP LL 0506"]
[Site "Mecklenburg VP"]
[Date "2005.12.11"]
[Round "4.1"]
[White "Engel, Gunnar"]
[Black "Mehl, Ronald"]
[Result "1-0"]
[WhiteElo "2084"]
[BlackElo "2082"]
[PlyCount "129"]
[EventDate "2005.10.23"]
[EventType "team"]
[EventRounds "9"]
[EventCountry "GER"]
[SourceTitle "EXT 2008"]
[Source "ChessBase"]
[SourceDate "2007.11.25"]
[SourceVersion "1"]
[SourceVersionDate "2007.11.25"]
[SourceQuality "1"]
[WhiteTeam "Rostock PSV II"]
[BlackTeam "Stralsund FHSG"]
[WhiteTeamCountry "GER"]
[BlackTeamCountry "GER"]

1. d4 Nf6 2. c4 g6 3. Nc3 Bg7 4. e4 d6 5. Be2 Nbd7 6. Nf3 e5 7. 0-0 0-0 8. Qc2 c6 9. Rd1 Qc7 10. Bg5 h6 11. Bh4 g5 12. Bg3 Nh5 13. d5 Nxg3 14. hxg3 c5 15. Nh2 Re8 16. g4 Nf8 17. g3 Qe7 18. Kg2 Bd7 19. Nf1 Rab8 20. Ne3 Nh7 21. a3 Rec8 22. Rdc1 a6 23. b3 b6 24. Ra2 Rb7 25. Rb2 Rcb8 26. Rcb1 Bc8 27. b4 Bf8 28. a4 Qc7 29. Rh1 cxb4 30. Rxb4 Qc5 31. Rhb1 Nf6 32. Qb2 Qc7 33. Qa3 Nd7 34. R4b2 Qc5 35. Qb3 Qc7 36. Qd1 Nc5 37. Qc2 Qd8 38. Rb4 Qc7 39. Bd1 Qe7 40. Qe2 Qf6 41. Bc2 Bg7 42. Ncd1 Bf8 43. Nf5 Bxf5 44. gxf5 Qd8 45. Ne3 a5 46. R4b2 f6 47. Rh1 Rh7 48. Qh5 Rbb7 49. Ng4 Rbf7 50. Qg6+ Kh8 51. Rbb1 Nd7 52. Nxh6 Bxh6 53. Rxh6 Nf8 54. Qxf7 Rxh6 55. Qa7 Nd7 56. c5 dxc5 57. d6 Rh7 58. Qc7 Qe8 59. Bb3 Nf8 60. Rh1 Rxh1 61. Kxh1 Qh5+ 62. Kg1 Qe2 63. Qf7 Qe1+ 64. Kg2 Qxe4+ 65. Kh2 1-0

[Event "Mecklenburg VP LL 0506"]
[Site "Mecklenburg VP"]
[Date "2005.11.13"]
[Round "2.1"]
[White "Engel, Gunnar"]
[Black "Beerbaum, Joerg"]
[Result "1/2-1/2"]
[WhiteElo "2084"]
[BlackElo "2127"]
[PlyCount "61"]
[EventDate "2005.10.23"]
[EventType "team"]
[EventRounds "9"]
[EventCountry "GER"]
[SourceTitle "EXT 2008"]
[Source "ChessBase"]
[SourceDate "2007.11.25"]
[SourceVersion "1"]
[SourceVersionDate "2007.11.25"]
[SourceQuality "1"]
[WhiteTeam "Rostock PSV II"]
[BlackTeam "Ludwigslust"]
[WhiteTeamCountry "GER"]
[BlackTeamCountry "GER"]

1. Nf3 d5 2. g3 Nf6 3. Bg2 c6 4. 0-0 Bf5 5. d3 e6 6. Nbd2 h6 7. c3 Be7 8. a4 0-0 9. b4 Nbd7 10. a5 Bh7 11. Qb3 b5 12. axb6 axb6 13. Rxa8 Qxa8 14. Bb2 Qb7 15. c4 Ra8 16. Ra1 Rxa1+ 17. Bxa1 Qa7 18. Bb2 dxc4 19. dxc4 Ne4 20. Nxe4 Bxe4 21. Ne5 Bxg2 22. Kxg2 Nxe5 23. Bxe5 Qd7 24. Bc3 b5 25. c5 f5 26. Be5 Qd5+ 27. Qxd5 exd5 28. h4 Kf7 29. e3 Bf6 30. Bd4 Bxd4 31. exd4 1/2-1/2

[Event "Mecklenburg VP LL 0405"]
[Site "Mecklenburg VP"]
[Date "2005.03.13"]
[Round "7.1"]
[White "Kliewe, Hans Juergen"]
[Black "Engel, Gunnar"]
[Result "1/2-1/2"]
[WhiteElo "2104"]
[BlackElo "2063"]
[PlyCount "131"]
[EventDate "2004.10.24"]
[EventType "team"]
[EventRounds "9"]
[EventCountry "GER"]
[SourceTitle "EXT 2009"]
[Source "ChessBase"]
[SourceDate "2008.11.26"]
[SourceVersion "1"]
[SourceVersionDate "2008.11.26"]
[SourceQuality "1"]
[WhiteTeam "Wismar"]
[BlackTeam "Rostock II"]
[WhiteTeamCountry "GER"]
[BlackTeamCountry "GER"]

1. d4 Nf6 2. c4 g6 3. Nc3 Bg7 4. e4 d6 5. Be2 0-0 6. Bg5 c5 7. Nf3 cxd4 8. Nxd4 Nc6 9. Nb3 Be6 10. 0-0 Ne5 11. Nd5 Bxd5 12. exd5 Rc8 13. Rc1 h6 14. Be3 a6 15. f4 Ned7 16. Bd3 b5 17. Qd2 Nb6 18. cxb5 Rxc1 19. Rxc1 axb5 20. Bxb5 Nbxd5 21. Bd4 Qb8 22. Bc4 Ne4 23. Qd3 Ndf6 24. Re1 Qb4 25. Bc3 Nxc3 26. bxc3 Qb6+ 27. Nd4 e6 28. h3 d5 29. Bb3 Ne4 30. Kh2 Qc7 31. Ne2 Qc5 32. Ng3 Qxc3 33. Qxc3 Nxc3 34. Ne2 Rc8 35. g4 Ne4 36. Rc1 Rxc1 37. Nxc1 Kf8 38. a4 Ke7 39. a5 Kd6 40. Nd3 Kc7 41. Ba4 Bc3 42. Ne5 Bxa5 43. Nxf7 Bd2 44. f5 exf5 45. gxf5 gxf5 46. Kg2 Nc3 47. Bc2 Ne4 48. Ba4 d4 49. h4 Nc5 50. Bb5 Kb6 51. Bc4 Ka5 52. Nd6 Kb4 53. Bd5 d3 54. Nxf5 Bc1 55. Kf2 Kc3 56. Bf3 Bf4 57. Ne3 Bxe3+ 58. Kxe3 Kc2 59. Kd4 Nb3+ 60. Ke5 d2 61. Kf6 Kd3 62. Kg6 Nc1 63. Bd1 Ne2 64. Kxh6 Ng3 65. Kg6 Ke3 66. h5 1/2-1/2